Approximation techniques for compartmental systems with time-lags I.

Elmentve itt :
Bibliográfiai részletek
Szerzők: Eller József
Győri István
Tímár J.
Testületi szerző: Simulation of Systems in Biology and Medicine '82
Dokumentumtípus: Könyv része
Megjelent: 1982
Sorozat:Simulation of Systems in Biology and Medicine '82
Tárgyszavak:
mtmt:1613035
Online Access:http://publicatio.bibl.u-szeged.hu/33478
LEADER 00782naa a2200217 i 4500
001 publ33478
005 20250526105432.0
008 250526s1982 hu o 100 eng d
024 7 |a 1613035  |2 mtmt 
040 |a SZTE Publicatio Repozitórium  |b hun 
041 |a eng 
100 1 |a Eller József 
245 1 0 |a Approximation techniques for compartmental systems with time-lags I.  |h [elektronikus dokumentum] /  |c  Eller József 
260 |c 1982 
300 |a F2-F6 
490 0 |a Simulation of Systems in Biology and Medicine '82 
650 4 |a Matematika 
700 0 1 |a Győri István  |e aut 
700 0 1 |a Tímár J.  |e aut 
711 |a Simulation of Systems in Biology and Medicine '82  |c Prague  |d 1982.01.01 
856 4 0 |u http://publicatio.bibl.u-szeged.hu/33478/1/aok_klny_181_82.pdf  |z Dokumentum-elérés